Kriminalitätsfurcht ohne Ende?

Gespeichert in:  
Bibliographische Detailangaben
VerfasserInnen: Boers, Klaus 1953- (Verfasst von) ; Kurz, Peter (Verfasst von)
Medienart: Druck Aufsatz
Sprache:Deutsch
Veröffentlicht: 2001
In: Gewaltkriminalität zwischen Mythos und Realität
Jahr: 2001, Seiten: 123 - [144]
Verfügbarkeit prüfen: HBZ Gateway
Schlagwörter:

MARC

LEADER 00000caa a2200000 c 4500
001 1168015170
003 DE-627
005 20220524120336.0
007 tu
008 020327s2001 xx ||||| 00| ||ger c
020 |a 3518122223 
035 |a (DE-627)1168015170 
035 |a (DE-576)098015176 
035 |a (DE-599)BSZ098015176 
040 |a DE-627  |b ger  |c DE-627  |e rakwb 
041 |a ger 
100 1 |a Boers, Klaus  |d 1953-  |0 (DE-588)11548325X  |0 (DE-627)077280113  |0 (DE-576)168324253  |4 aut 
109 |a Boers, Klaus 1953- 
245 1 0 |a Kriminalitätsfurcht ohne Ende?  |c Klaus Boers; Peter Kurz 
264 1 |c 2001 
300 |a S. 123 - [144] 
336 |a Text  |b txt  |2 rdacontent 
337 |a ohne Hilfsmittel zu benutzen  |b n  |2 rdamedia 
338 |a Band  |b nc  |2 rdacarrier 
700 1 |a Kurz, Peter  |4 aut 
773 0 8 |i In  |t Gewaltkriminalität zwischen Mythos und Realität  |b Erstausg., 1. Aufl.  |d Frankfurt am Main : Suhrkamp, 2001  |g (2001), Seite 123 - [144]  |h 473 S.  |w (DE-627)324898835  |w (DE-576)095125701  |z 3518122223  |7 nnam 
773 1 8 |g year:2001  |g pages:123 - [144] 
935 |a mkri 
951 |a AR 
ELC |b 1 
LOK |0 000 xxxxxcx a22 zn 4500 
LOK |0 001 2899384368 
LOK |0 003 DE-627 
LOK |0 004 1168015170 
LOK |0 005 20260212095335 
LOK |0 008 160208||||||||||||||||ger||||||| 
LOK |0 040   |a DE-21-110  |c DE-627  |d DE-21-110 
LOK |0 689   |a s  |a Kriminalitätsfurcht 
LOK |0 689   |a s  |a Kriminalitätseinstellungen 
LOK |0 689   |a s  |a Soziale Milieus 
LOK |0 689   |a s  |a Coping 
LOK |0 852   |a DE-21-110 
LOK |0 852 1  |m p  |9 00 
LOK |0 935   |a k110 
LOK |0 938   |k p 
LOK |0 939   |a 08-02-16  |b l01 
ORI |a WA-MARC-krimdoka001.raw